| 000 | 00421 a2200157 4500 | ||
|---|---|---|---|
| 003 | OSt | ||
| 005 | 20180116182639.0 | ||
| 008 | 160513b xxu||||| |||| 00| 0 eng d | ||
| 020 | _a8170490774 | ||
| 040 | _c0 | ||
| 082 | _a568.5620218 MUK 1997 | ||
| 100 | _aY. Mukherjee | ||
| 245 |
_aQuality Management System ISO 9000 & ISO 14000 _cY. Mukherjee |
||
| 260 |
_aNew Delhi _c1997 |
||
| 942 |
_aNBS _cBK _k568.5620218 MUK _2ddc |
||
| 999 |
_c343377 _d343377 |
||